000 00510nam a22001697a 4500
999 _c41002
_d41002
003 OSt
005 20210225125053.0
008 210224b ||||| |||| 00| 0 eng d
020 _a9789352606627
040 _coclc
082 _a954
_bRED/I
100 _98380
_aReddy, K Krishna
245 _aIndian History :
_bFor Civil Services Examinations /
_cK Krishna Reddy
250 _a2nd Ed.
260 _aChennai:
_bMcGraw Hill Education,
_c2018.
942 _2ddc
_cBK
_h954
_iRED/I
_k954
_mRED/I